Detalles MARC
| 000 -LEADER |
| fixed length control field |
01410 am a2200337 a 4500 |
| 005 - FECHA ULTIMA MODIFICACION |
| control field |
20240521101657.0 |
| 008 - CAMPO DE CONTROL (LIBRO) |
| fixed length control field |
100405s2007||||sp ||||f |||| 001 0 spa d |
| 020 ## - INTERNATIONAL STANDARD BOOK NUMBER |
| ISBN |
9788445816738 |
| 041 ## - CODIGO DE IDIOMA |
| Código de idioma del texto/pista de sonido o título separado |
spa |
| 092 ## - SIGNATURA TOPOGRAFICA DEWEY LOCAL |
| número de clasificación |
617.96 |
| libristica |
28 |
| sección |
GAV |
| 100 1# - ENTRADA PRINCIPAL--NOMBRE PERSONAL |
| Nombre personal |
Gavrin, Jonathan R. |
| Función |
Ed. |
| 9 (RLIN) |
332 |
| 245 ## - TITULO PROPIAMENTE DICHO |
| Título |
Clínicas Anestesiológicas de Norteamérica. |
| Número de la parte/sección de la obra |
Vol.24 Cuidados Paliativos / |
| Mención de responsabilidad y remanente de la transcripción de la portada |
Jonatham R. Gavrin. |
| 250 ## - MENCION DE EDICION |
| Mención de edición |
1a ed. |
| Mención de responsabilidad relacionada con la ed. |
Revisión Joan Manel Campos |
| 260 ## - PIE DE IMPRENTA |
| Lugar de publicación, distribución, etc |
Barcelona: |
| Nombre de la editorial, distribuidor, etc |
Elservier ; Masson ; Saunders; |
| Fecha de publicación |
2006. |
| 300 ## - DESCRIPCION FISICA |
| Extension |
234 p. |
| 500 ## - NOTA GENERAL |
| Nota general |
Gavrin, J. y Fleisxher, L. A. (Eds.). (2007). Clínicas Anestesiológicas de Norteamérica. Vol.24 Cuidados Paliativos. (1a ed.). Barcelona : Elsevier : Masson. |
| 590 ## - NOTAS LOCALES (RLIN) |
| Nota local |
Donación editorial Elsevier, 2007 |
| 653 ## - TÉRMINO INDIZADO - PALABRAS CLAVES |
| Palabra clave |
Valoración de los cuidados paliativos |
| 653 ## - TÉRMINO INDIZADO - PALABRAS CLAVES |
| Palabra clave |
Tratamiento del dolor |
| 653 ## - TÉRMINO INDIZADO - PALABRAS CLAVES |
| Palabra clave |
Manejo de los sintomas no dolorosos |
| 653 ## - TÉRMINO INDIZADO - PALABRAS CLAVES |
| Palabra clave |
Aspectos psicológicos de los cuidados paliativos |
| 653 ## - TÉRMINO INDIZADO - PALABRAS CLAVES |
| Palabra clave |
Medicina complementaria y alternativa |
| 653 ## - TÉRMINO INDIZADO - PALABRAS CLAVES |
| Palabra clave |
Radioterapia alternativa en oncología |
| 653 ## - TÉRMINO INDIZADO - PALABRAS CLAVES |
| Palabra clave |
Cuiadados paliativos y pediatria |
| 653 ## - TÉRMINO INDIZADO - PALABRAS CLAVES |
| Palabra clave |
Aspectos éticos en cuidados paliativos |
| 653 ## - TÉRMINO INDIZADO - PALABRAS CLAVES |
| Palabra clave |
Centros de cuidados paliativos: asistencia integral en la fase terminal |
| 653 ## - TÉRMINO INDIZADO - PALABRAS CLAVES |
| Palabra clave |
Duelo: el constante compañero de la enfermedad |
| 700 1# - ENTRADAS SECUNDARIAS - NOMBRE PERSONAL |
| Nombre personal |
Fleisxher, Lee A. |
| Función |
Ed. |
| 9 (RLIN) |
333 |
| 930 ## - NUMERO DE INVENTARIO |
| Número de inventario |
1883 |
| 942 ## - ADDED ENTRY ELEMENTS (KOHA) |
| Source of classification or shelving scheme |
Dewey Decimal Classification |
| Item type |
Libros |